000 00960nam a2200217Ia 4500
001 17312
003 GE_BSU
008 181216s||||||||xx |||||||||||||| ||und||
040 _cGE_BSU
080 _a821.353.1-6
100 _aორბელიანი, გრიგოლ (1804-1883)
245 _aწერილები: ტ. 1 : 1832-1850
245 _cაკაკი გაწერელიას რედ. და შენიშვნებით ; კოტე გორდელაძის წინასიტყვ. ;მხატვ.: ლ. ქუთათელაძე და ლ. გრიგოლია
260 _aტფილისი
260 _bსახელმწიფო გამ-ბა
260 _c1936
300 _aXXV, 320გვ.;23სმ.
300 _eილ.. შენიშვნ.: გვ. 215-315. - სურათების სია: გვ. 316.
653 _aწერილები
942 _cBK
999 _c50371
_d50371